The constitution of the republic of the Philippines / (Record no. 354715)
[ view plain ]
| 000 -LEADER | |
|---|---|
| fixed length control field | 00328nam a2200109Ia 4500 |
| 008 - FIXED-LENGTH DATA ELEMENTS--GENERAL INFORMATION | |
| fixed length control field | 180205s9999 xx 000 0 und d |
| 020 ## - INTERNATIONAL STANDARD BOOK NUMBER | |
| International Standard Book Number | 9710868918 |
| 100 ## - MAIN ENTRY--PERSONAL NAME | |
| Personal name | Nolledo, Jose N. |
| 245 #4 - TITLE STATEMENT | |
| Title | The constitution of the republic of the Philippines / |
| 260 ## - PUBLICATION, DISTRIBUTION, ETC. (IMPRINT) | |
| Place of publication, distribution, etc | Mandaluyong City |
| Name of publisher, distributor, etc | National bookstore |
| Date of publication, distribution, etc | 2008 |
| 300 ## - PHYSICAL DESCRIPTION | |
| Extent | v, 244 pages |
| Withdrawn status | Lost status | Damaged status | Home library | Current library | Shelving location | Date acquired | Source of acquisition | Total Checkouts | Full call number | Barcode | Date last seen | Price effective from | Koha item type |
|---|---|---|---|---|---|---|---|---|---|---|---|---|---|
| College Library | College Library | Filipiniana Section | 02/05/2018 | Library Fund | KPM 1744.5 .N793 2008 | C14204 | 10/08/2018 | 02/05/2018 | Books |